[Event "BI-2011-P-00014"]
[Site "LSS email"]
[Date "2011.04.17"]
[Round "?"]
[White "Corona, Jose"]
[Black "Bianshi, Julian"]
[Result "0-1"]
[WhiteElo "807"]
[BlackElo "936"]
[PlyCount "38"]
[EventDate "2011.04.20"]
[EventType "tourn (corr)"]
[EventRounds "10"]
[EventCountry "GER"]
[SourceTitle "Telechess CBM 149"]
[Source "ChessBase"]
[SourceDate "2012.07.17"]
[SourceVersion "1"]
[SourceVersionDate "2012.07.17"]
[SourceQuality "1"]

1. d4 d5 2. Nf3 c6 3. Bf4 Nf6 4. e3 Bf5 5. Be2 e6 6. 0-0 Nh5 7. Bg5 Qb6 8. Qc1 h6 9. Bh4 Nd7 10. c4 g5 11. c5 Qc7 12. Bg3 Nxg3 13. fxg3 Bg7 14. Nfd2 h5 15. Nf3 h4 16. Kf2 hxg3+ 17. hxg3 g4 18. Nh4 Bxb1 19. Rxb1 Nf6 0-1

[Event "BI-2011-P-00014"]
[Site "LSS email"]
[Date "2011.04.17"]
[Round "?"]
[White "Corona, Jose"]
[Black "Herzog, Klaus"]
[Result "0-1"]
[WhiteElo "807"]
[BlackElo "1791"]
[PlyCount "26"]
[EventDate "2011.04.20"]
[EventType "tourn (corr)"]
[EventRounds "10"]
[EventCountry "GER"]
[SourceTitle "Corr 2015"]
[Source "ChessBase"]
[SourceDate "2015.07.17"]
[SourceVersion "1"]
[SourceVersionDate "2015.07.17"]
[SourceQuality "1"]

1. e4 e5 2. Nf3 Nc6 3. Bc4 Nf6 4. d3 Bc5 5. Bg5 d6 6. Nbd2 h6 7. Bxf6 Qxf6 8. 0-0 0-0 9. a3 a5 10. c3 Bg4 11. Bd5 Ne7 12. Qb3 c6 13. Bc4 b5 0-1

[Event "BI-2011-P-00014"]
[Site "LSS email"]
[Date "2011.04.17"]
[Round "?"]
[White "Kulczycki, Michael"]
[Black "Corona, Jose"]
[Result "1-0"]
[WhiteElo "1973"]
[BlackElo "807"]
[PlyCount "23"]
[EventDate "2011.04.20"]
[EventType "tourn (corr)"]
[EventRounds "10"]
[EventCountry "GER"]
[SourceTitle "Corr 2015"]
[Source "ChessBase"]
[SourceDate "2015.07.17"]
[SourceVersion "1"]
[SourceVersionDate "2015.07.17"]
[SourceQuality "1"]

1. e4 e5 2. Nf3 d6 3. d4 exd4 4. Nxd4 a6 5. Nc3 Nf6 6. Bf4 Nbd7 7. Qe2 Ne5 8. 0-0-0 Bd7 9. h3 Bc6 10. Bxe5 Nxe4 11. Nxc6 Nxc3 12. Bxc3+ 1-0

[Event "BI-2011-P-00014"]
[Site "LSS email"]
[Date "2011.04.17"]
[Round "?"]
[White "Van Esbroeck, Jeff"]
[Black "Corona, Jose"]
[Result "1-0"]
[WhiteElo "1123"]
[BlackElo "807"]
[PlyCount "23"]
[EventDate "2011.04.20"]
[EventType "tourn (corr)"]
[EventRounds "10"]
[EventCountry "GER"]
[SourceTitle "Corr 2015"]
[Source "ChessBase"]
[SourceDate "2015.07.17"]
[SourceVersion "1"]
[SourceVersionDate "2015.07.17"]
[SourceQuality "1"]

1. e4 e6 2. Nf3 d5 3. exd5 exd5 4. Bb5+ Bd7 5. Nc3 Nf6 6. 0-0 Be7 7. d4 a6 8. Bxd7+ Nbxd7 9. Nh4 0-0 10. Nf5 h6 11. Qf3 c6 12. Bxh6 1-0

[Event "OP-2011-0-01481"]
[Site "LSS email"]
[Date "2011.04.10"]
[Round "?"]
[White "Corona, Jose"]
[Black "Molano Lafuente, Ismael"]
[Result "0-1"]
[WhiteElo "807"]
[BlackElo "1332"]
[PlyCount "54"]
[EventDate "2011.04.04"]
[EventType "tourn (corr)"]
[EventRounds "4"]
[EventCountry "GER"]
[SourceTitle "Telechess CBM 147"]
[Source "ChessBase"]
[SourceDate "2012.03.16"]
[SourceVersion "1"]
[SourceVersionDate "2012.03.16"]
[SourceQuality "1"]

1. e4 c5 2. Nf3 Nc6 3. d4 cxd4 4. Nxd4 Nf6 5. Nc3 e5 6. Nf5 d5 7. exd5 Bxf5 8. dxc6 Qxd1+ 9. Nxd1 bxc6 10. Ne3 Be6 11. Be2 Rd8 12. 0-0 Bc5 13. Nc4 Bxc4 14. Bxc4 0-0 15. Bg5 Rd4 16. Bb3 Ne4 17. Be3 Rd7 18. Bxc5 Nxc5 19. Bc4 Rd4 20. b3 Rfd8 21. f3 Kf8 22. c3 Rd2 23. Rfe1 f6 24. a4 Nd3 25. Bxd3 R8xd3 26. Rac1 Rb2 27. Re4 Rdd2 0-1

[Event "OP-2011-0-01481"]
[Site "LSS email"]
[Date "2011.04.10"]
[Round "?"]
[White "McCarty, Andy"]
[Black "Corona, Jose"]
[Result "0-1"]
[WhiteElo "710"]
[BlackElo "807"]
[PlyCount "60"]
[EventDate "2011.04.04"]
[EventType "tourn (corr)"]
[EventRounds "4"]
[EventCountry "GER"]
[SourceTitle "Telechess CBM 147"]
[Source "ChessBase"]
[SourceDate "2012.03.16"]
[SourceVersion "1"]
[SourceVersionDate "2012.03.16"]
[SourceQuality "1"]

1. d4 Nf6 2. c4 e6 3. Nc3 Be7 4. Bf4 a6 5. Nf3 d5 6. e3 0-0 7. cxd5 Nxd5 8. Bd3 Nxf4 9. Bc2 Nxg2+ 10. Kf1 Nh4 11. Nxh4 Bxh4 12. Qh5 g6 13. Rg1 Qf6 14. Ne4 Qe7 15. Qf3 Nd7 16. Rd1 Nf6 17. Nxf6+ Bxf6 18. e4 Rb8 19. e5 Bg7 20. Rd3 b5 21. Qf4 f5 22. Rh3 Bb7 23. Rhg3 Bd5 24. a3 Bc4+ 25. Ke1 b4 26. h4 bxa3 27. bxa3 Rb2 28. Bd1 Qd7 29. h5 Qb5 30. hxg6 Qa5+ 0-1